Metodika nácviku grafomotorických zručností

Bibliographic Details
Main Author: Heribanová, Ilona (Author)
Format: Article
Language:Slovak
PhysicalDescription:Obr.
Subjects:

MARC

LEADER 00000nab a2200000 a 4500
001 vtls000658435
003 SK-MaSNL
005 20260304090449.0
008 250425c19971998xo 0 slo
015 |a SNBRB1998/05-12712 
035 |a CLN000010627 
035 |a urn:nbn:sk:snk-ab1e3j 
035 |a (urnnbn)urn:nbn:sk:snk:ar-002uh2 
035 |a (uuid)4d0b7aed-f653-4027-acc0-33d4e5c2b63a 
040 |a SNKBUCL  |b slo  |c SNKBUCL  |e AACR2 
041 0 |a slo 
044 |a xo  |c SK 
080 |a 373.2.03:159.946.4  |2 1997 
080 |a 159.946.4-053.4  |2 1997 
100 1 |a Heribanová, Ilona  |4 aut  |9 902406 
245 1 0 |a Metodika nácviku grafomotorických zručností  |c Ilona Heribanová 
300 |b Obr. 
500 |a Pokračovanie 
504 |a Bibliogr. odkazy 
650 0 7 |a grafomotorika  |2 snkbucl  |9 27199 
650 0 7 |a deti predškolského veku  |2 snkbucl  |9 4103 
655 7 |a články z novín a časopisov  |2 snkbucl  |9 267496 
773 0 |t Predškolská výchova  |g Roč. 52, č. 5 (1997/1998), s. 13-16 
850 |a Slovenská národná knižnica 
852 |a Slovenská národná knižnica 
954 |a odborná, vedecká literatúra pôvodná (slovenská)  |2 lita 
958 |a article27 
958 |a OND 
958 |a EUIPO 
992 |a RBX 
999 |c 2811554  |d 2813484